Zelená nepozná hranicu Z pobytu ministerky životného prostredia

Bibliographic Details
Main Author: Rabay, Ľubo (Author)
Format: Article
Language:Slovak
Subjects:

MARC

LEADER 00000nab a2200000 a 4500
001 vtls000368414
003 SK-MaSNL
005 20260304045639.0
008 111202c1990 xo 0 slo
015 |a SNBRB19rr/mm-uuuuu 
035 |a CL0368536 
040 |a SNKBUCL  |b slo  |c SNKBUCL  |e AACR2 
041 0 |a slo 
044 |a xo  |c SK 
080 |a 327 (437:436)  |2 1981 
080 |a 327(436:437)  |2 1981 
080 |a 504.06  |2 1981 
100 1 |a Rabay, Ľubo  |4 aut  |9 9911 
245 1 0 |a Zelená nepozná hranicu  |b Z pobytu ministerky životného prostredia  |c Ľubo Rabay 
650 0 7 |a ČSSR  |2 snkbucl  |9 335647 
650 0 7 |a zahraničná politika  |2 snkbucl  |9 971 
651 7 |a Rakúsko  |2 snkbucl  |9 18533 
655 7 |a články z novín a časopisov  |2 snkbucl  |9 267496 
773 0 |t Pravda  |g Roč. 71, č. 12 (15. 1. 1990), s. 1 a 2 
850 |a Slovenská národná knižnica v Martine  |a MTA001 
852 |a SNK  |b KIS3GCP 
958 |a RK 
992 |a RBX 
999 |c 2693708  |d 2695638